00780nam a2200205 i 4500001000700000003000900007005001700016007000300033008004100036100002300077245016900100260003500269300003000304490006400334650003800398700002400436700002900460830006400489852002100553141107ES-MaACL20250903022111.0t|070919s1947 sp ||||1| spa d1 aYule, George Udny.10aIntroducción a la estadística matemática / cGeorge Udny Yule, Maurice George Kendall ; traducción de la 13ª ed. inglesa y prólogo por José Ros Jimeno. aMadrid : bM. Aguilar, c1947. a684 p. : bil. ; c22 cm.1 aBiblioteca de ciencias económicas, políticas y sociales 7aEstadística matemática2embne1 aRos Jimeno, José.1 aKendall, Maurice George.1 aBiblioteca de ciencias económicas, políticas y sociales aES-MaACLjA-2665